LEADER 01028nam0-22003491i-450- 001 990005462410403321 005 20091023090739.0 035 $a000546241 035 $aFED01000546241 035 $a(Aleph)000546241FED01 035 $a000546241 100 $a19990604d1978----km-y0itay50------ba 101 0 $aita 102 $aIT 105 $ay---n---001yy 200 1 $a<>problema della tolleranza religiosa nell'eta moderna$edalla Riforma Protestante a Locke$fMassimo Firpo 210 $aTorino$cLoescher$dc1978 215 $a302 p.$d22 cm 225 1 $aDocumenti della storia$v23 676 $a261.72 700 1$aFirpo,$bMassimo$f<1946- >$0134244 801 0$aIT$bUNINA$gRICA$2UNIMARC 901 $aBK 912 $a990005462410403321 952 $aSDI-2KF 255$bs.i.$fSDI 952 $a261.72 FIR 1$bST.MED.MOD. 9220$fFLFBC 952 $aIII 213$b651$fDDCIC 959 $aFLFBC 959 $aDDCIC 959 $aSDI 996 $aProblema della tolleranza religiosa nell'eta moderna$9588451 997 $aUNINA LEADER 01104cam0-22003251i-450- 001 990006637710403321 005 20110524150411.0 035 $a000663771 035 $aFED01000663771 035 $a(Aleph)000663771FED01 035 $a000663771 100 $a20010426g19779999km-y0itay50------ba 101 0 $aita 102 $aIT 105 $ay-------001yy 200 1 $aRicerche sullo spopolamento in Italia, 1871-1971$fa cura di Eugenio Sonnino 210 $aRoma$cLa Goliardica$d1977- 215 $av.$d22 cm 327 0 $a[1]: La collina interna imperiese : vicende di un territorio ad agricoltura specializzata in rapporto ai processi di ristrutturazione economica del settore / Anna Maria Birindelli 610 0 $aItalia$aSpopolamento$a1871-1971 676 $a304.620945$v19$zita 702 1$aBirindelli,$bAnna Maria 702 1$aSonnino,$bEugenio$f<1938- > 801 0$aIT$bUNINA$gRICA$2UNIMARC 901 $aBK 912 $a990006637710403321 952 $aVI F 28$b10177$fFSPBC 959 $aFSPBC 996 $aRicerche sullo spopolamento in Italia, 1871-1971$9614233 997 $aUNINA